UBT Library

Gaining control of the corporate culture / (Record no. 42309)

000 -LEADER
fixed length control field 00631pam a2200217 a 4500
001 - CONTROL NUMBER
control field 1916327
005 - DATE AND TIME OF LATEST TRANSACTION
control field 20180212040754.0
008 - FIXED-LENGTH DATA ELEMENTS--GENERAL INFORMATION
fixed length control field 850617s1985 caua b 101 0 eng
010 ## - LIBRARY OF CONGRESS CONTROL NUMBER
LC control number 85045059
020 ## - INTERNATIONAL STANDARD BOOK NUMBER
International Standard Book Number 0875896669
040 ## - CATALOGING SOURCE
Original cataloging agency DLC
Transcribing agency DLC
Modifying agency DLC
041 ## - LANGUAGE CODE
Language code of text/sound track or separate title eng
080 ## - UNIVERSAL DECIMAL CLASSIFICATION NUMBER
Universal Decimal Classification number 658.406 RAP
082 00 - DEWEY DECIMAL CLASSIFICATION NUMBER
Classification number 658.406 RAP
Edition number 19
100 ## - Rafti
Rafti 54
101 ## - Shkurtesa
Shkurtesa MAN
245 00 - TITLE STATEMENT
Title Gaining control of the corporate culture /
Statement of responsibility, etc [edited by] Ralph H. Kilmann, Mary J. Saxton, Roy Serpa, and associates.
504 ## - BIBLIOGRAPHY, ETC. NOTE
Bibliography, etc Includes bibliographies and indexes.
906 ## - LOCAL DATA ELEMENT F, LDF (RLIN)
a 7
b cbc
c orignew
d 1
e ocip
f 19
g y-gencatlg
942 ## - ADDED ENTRY ELEMENTS (KOHA)
Source of classification or shelving scheme
Item type Books
Holdings
Withdrawn status Lost status Source of classification or shelving scheme Damaged status Not for loan Collection code Permanent location Current location Shelving location Date acquired Total Checkouts Full call number Barcode Date last seen Price effective from Koha item type
          Koleksioni i përgjithshem UBT - Lipjan UBT - Lipjan Koleksioni i përgjithshem 02/12/2018   658.406 RAP 002-2998756 02/12/2018 02/12/2018 Books
UBT Library © 2015-2024. All rights reserved University Education for Business and Technology